The Greeks beyond the Aegean : from Marseilles to Bactria
Saved in:
| Corporate Author: | |
|---|---|
| Other Authors: | |
| Format: | Book |
| Language: | English |
| Published: |
New York :
Alexander S. Onasssis Public Benefit Foundation (USA),
[2002].
|
| Subjects: | |
| Tags: |
Add Tag
No Tags, Be the first to tag this record!
|
MARC
| LEADER | 00000nam a2200000 a 4500 | ||
|---|---|---|---|
| 001 | 1/108302 | ||
| 008 | 150902s2002####us | ||| |||| ||eng|| | ||
| 020 | |a 996388850X | ||
| 040 | |a GR-MyUa |b gre |c GR-MyUa |e AACR2 | ||
| 041 | 0 | |a eng | |
| 082 | 7 | |a 938.29 |2 (23) | |
| 245 | 0 | 4 | |a The Greeks beyond the Aegean : |b from Marseilles to Bactria / |c επιμέλεια Vassos Karageorghis. |
| 260 | |a New York : |b Alexander S. Onasssis Public Benefit Foundation (USA), |c [2002]. | ||
| 300 | |a ix, 207 σ. : |b εικ., φωτ. ; |c 26 εκ. | ||
| 504 | |a Περιλαμβάνει βιβλιογραφικές παραπομπές και ευρετήριο. | ||
| 500 | |a Papers presented at the International Symposium held at the Onassis Cultural Center, New York, 12th October, 2002. | ||
| 650 | 0 | |a Antiquities, Prehistoric |z Aegean Sea Region. | |
| 650 | 0 | |a Greeks |x Colonization |x History. | |
| 650 | 0 | |a Greeks |z Egypt. | |
| 650 | 0 | |a Ethics, Ancient. | |
| 650 | 0 | |a Greeks |z Cyprus |x Ethnic relations. | |
| 700 | 1 | |a Καραγεώργης, Βάσσος, |d 1929- |e edt | |
| 710 | 2 | |a Κοινωφελές Ιδρυμα "Αλέξανδρος Σ. Ωνάσης". | |
| 852 | |a INST |b RHODES |e 20150902 |h 938.29 GRE |p 005400037978 |q 005400037978 |t BK |y 0 | ||
| 922 | |a 4ΕΛΗ |b 2015/04 |c ΤΑΚ/ΤΜΣ |d ΔΙΑΔΡΟΜΕΣ | ||
| 970 | |z 02-09-2015 | ||